| 000 -CABECERA |
| fixed length control field |
01712nam a22002657a 4500 |
| 003 - IDENTIFICADOR DEL NÚMERO DE CONTROL |
| control field |
AR-CdUCM |
| 008 - DATOS DE LONGITUD FIJA--INFORMACIÓN GENERAL |
| fixed length control field |
190417b ||||| |||| 00| 0 spa d |
| 040 ## - FUENTE DE LA CATALOGACIÓN |
| Agencia/entidad que catalogó originalmente la obra |
MUNICIPALIDAD PROVINCIAL DEL CUSCO |
| Entidad que transcribió la catalogación |
BIBLIOTECA MUNICIPAL DEL CUSCO |
| 082 ## - NÚMERO DE LA CLASIFICACIÓN DECIMAL DEWEY |
| No. de la edición |
3ed. |
| No. de Clasificación |
920 / |
| Notacion interna |
UN63 |
| 100 ## - ENTRADA PRINCIPAL--NOMBRE DE PERSONA |
| Nombre Personal |
Untermeyer, Louis |
| 245 ## - MENCIÓN DE TÍTULO |
| Título |
Forjadores del mundo moderno : |
| Resto del título |
La vida de escritores, artistas, científicos, estadistas, inventores, filósofos, compositores y otros creadores que han cambiado la faz del mundo / |
| 260 ## - PUBLICACIÓN, DISTRIBUCIÓN, ETC. |
| Lugar de publicación, distribución, etc. |
México D. F. : |
| Nombre de la editorial, distribuidor, etc. |
Biografías Gandesa, |
| Fecha de publicación, distribución, etc. |
1961. |
| 300 ## - DESCRIPCIÓN FÍSICA |
| Nº de Páginas Extensión |
7 tomos ; |
| Otros detalles físicos |
retratos, |
| Dimensiones |
21 cm. |
| 505 ## - NOTA DE CONTENIDO CON FORMATO |
| Nota de contenido formateada |
Contenido: t.1: 1776 a 1844 -- Bernardo O´Higgins -- José de San Martín -- Bernardino Rivadavia -- Andrés Bello ... -- t.2: 1845 a 1874 -- Guillermo Conrado Roentgen -- Eca de Queiroz -- Alexander Graham Bell -- Tomás Alva Edison ... -- t.3: 1875 a 1914 -- Albert Schweitzer -- Thomas Mann -- Rainer María Rilke ... -- t.4: 1642 a 1766 -- Isaac Newton -- Voltaire -- El marqués de la Ensenada -- Benjamín Franklin ... -- t.5: 1767 a 1836 -- Luis de saint-Just -- Chateaubriand -- El duque de Wellington -- Napoleón Bonaparte ... -- t.6: 1836 a 1880 -- Máximo Gómez -- Mariana Fortuny -- John D. Rockefeller ... -- t.7: 1881 a 1934 -- Stefan Zweig -- Roger Martin du Gard -- Joaquín García Monge -- Cecil B. de Mille ... |
| 650 ## - PUNTO DE ACCESO ADICIONAL DE MATERIA--TÉRMINO DE MATERIA |
| Descriptor |
Biografías |
| 9 (RLIN) |
148 |
| 650 ## - PUNTO DE ACCESO ADICIONAL DE MATERIA--TÉRMINO DE MATERIA |
| Descriptor |
Forjadores de la historia |
| 9 (RLIN) |
32577 |
| 650 ## - PUNTO DE ACCESO ADICIONAL DE MATERIA--TÉRMINO DE MATERIA |
| Descriptor |
Colecciones |
| 9 (RLIN) |
607 |
| 700 ## - PUNTO DE ACCESO ADICIONAL--NOMBRE DE PERSONA |
| Nombre Personal |
Luelmo, Julio |
| 9 (RLIN) |
32578 |
| 700 ## - PUNTO DE ACCESO ADICIONAL--NOMBRE DE PERSONA |
| Nombre Personal |
Frances, Jose María |
| 9 (RLIN) |
32579 |
| 700 ## - PUNTO DE ACCESO ADICIONAL--NOMBRE DE PERSONA |
| Nombre Personal |
Mazon, Eduardo |
| 9 (RLIN) |
32580 |
| 700 ## - PUNTO DE ACCESO ADICIONAL--NOMBRE DE PERSONA |
| Nombre Personal |
Vazquez J., Carmen (traductores) |
| 9 (RLIN) |
32581 |
| 942 ## - ELEMENTOS DE PUNTO DE ACCESO ADICIONAL (KOHA) |
| Fuente de clasificación |
|
| Tipo de item |
Libros-BMC |
| 945 ## - PROCESAMIENTO DE INFORMACIÓN LOCAL (OCLC) |
| Catalogador |
achl |
| AAAA-MM-DD - Fecha de ingreso o modificacion |
2019-04-17 |